Welcome to CU Library Online Public Access Catalogue (OPAC)

Training for ICDL: (Record no. 8670)

MARC details
000 -LEADER
fixed length control field 00406nam a2200157 4500
005 - DATE AND TIME OF LATEST TRANSACTION
control field 20260209164213.0
008 - FIXED-LENGTH DATA ELEMENTS--GENERAL INFORMATION
fixed length control field cuc123
020 ## - INTERNATIONAL STANDARD BOOK NUMBER
International Standard Book Number 9780620370066
050 ## - LIBRARY OF CONGRESS CALL NUMBER
Classification number HF 5548.4 KEL
Item number 1
100 ## - MAIN ENTRY--PERSONAL NAME
Personal name KELLY, PAULA ed
245 ## - TITLE STATEMENT
Title Training for ICDL:
Remainder of title A Practical course in windows XP AND OFFICE 2003
260 ## - PUBLICATION, DISTRIBUTION, ETC.
Place of publication, distribution, etc. Dublin
Name of publisher, distributor, etc. Blackrock edu. center
Date of publication, distribution, etc. 2006c
300 ## - PHYSICAL DESCRIPTION
Extent ix,460p
500 ## - GENERAL NOTE
General note tabs
942 ## - ADDED ENTRY ELEMENTS (KOHA)
Source of classification or shelving scheme Library of Congress Classification
Koha item type Books
Suppress in OPAC No
999 ## -
-- 8670
-- 8670
Holdings
Withdrawn status Lost status Source of classification or shelving scheme Damaged status Not for loan Collection Home library Current library Shelving location Date acquired Total checkouts Full call number Barcode Date last seen Price effective from Koha item type Public note
    Library of Congress Classification     Non-fiction Graduate Library (Christ Temple) Graduate Library (Christ Temple) General stacks 02/09/2026   HF 5548.4 KEL GSCT00002298 02/09/2026 02/09/2026 Books EAQ
    Library of Congress Classification     Non-fiction Graduate Library (Christ Temple) Graduate Library (Christ Temple) General stacks 02/09/2026   HF 5548.4 KEL GSCT00002299 02/09/2026 02/09/2026 Books EAQ
    Library of Congress Classification     Non-fiction Graduate Library (Christ Temple) Graduate Library (Christ Temple) General stacks 02/09/2026   HF 5548.4 KEL GSCT00002300 02/09/2026 02/09/2026 Books EAQ
    Library of Congress Classification     Non-fiction Graduate Library (Christ Temple) Graduate Library (Christ Temple) General stacks 02/09/2026   HF 5548.4 KEL GSCT00002301 02/09/2026 02/09/2026 Books EAQ
    Library of Congress Classification     Non-fiction Graduate Library (Christ Temple) Graduate Library (Christ Temple) General stacks 02/09/2026   HF 5548.4 KEL GSCT00002302 02/09/2026 02/09/2026 Books EAQ
© 2023-2024 Copyright: Central University Libraries. All Rights Reserved | Created by: Mahone Tech Office